Normal view
MARC view
Entry Personal Name
001 - CONTROL NUMBER
- control field: 380985
003 - CONTROL NUMBER IDENTIFIER
- control field: OSt
005 - DATE AND TIME OF LATEST TRANSACTION
- control field: 20220927110948.0
008 - FIXED-LENGTH DATA ELEMENTS
- fixed length control field: 220927|| aca||aabn | a|a d
040 ## - CATALOGING SOURCE
- Original cataloging agency: OSt
- Transcribing agency: OSt
100 ## - HEADING--PERSONAL NAME
- Personal name: Regional Meeting on Food and Agricultural Programmes and. Outlook in Latin America (3rd) (Buenos Asia (1954))
670 ## - SOURCE DATA FOUND
- Source citation: Work cat.: (OSt)698412: Regional Meeting on Food and Agricultural Programmes and. Outlook in Latin America (3rd) (Buenos Asia (1954)) 380984, Report, 1955
